Представление документа в формате RUSMARC

ПолеНазваниеЗначение
  Тип записи a
  Библиографический уровень m
001 Контрольный номер RU/ГПНТБ России/IBIS/84(2Рос=411.2)6/В 29-628493275
005 Дата корректировки 20260608165433.2
010 Индекс ISBN __
a ISBN 978-5-222-41837-6
b Уточнения в пер.
9 Тираж 4000
100 Данные общей обработки __
a Данные общей обработки 20260608d2025 c y0rusy0250
101 Язык документа 0_
a Язык текста rus
102 Страна публикации __
a Страна публикации RU
105 Кодированные данные (монография) __
a Кодированные данные (монография) a z 000ay
181 Поле кодированных данных: вид содержания _0
a Код вида содержания (ISBD) i
182 Поле кодированных данных: тип средства _0
a Код типа средства (ISBD) n
200 Заглавие и сведения об ответственности 1_
a Заглавие Одни в лесу
e Сведения, относящиеся к заглавию история-катастрофа
f Первые сведения об ответственности Юлия Венедиктова
g Последующие сведения об ответственности иллюстрации Карины Бывайловой
203 Вид содержания и тип средства __
c Тип средства непосредственный
a Вид содержания Текст
210 Выходные данные 1_
a Место издания Ростов-на-Дону
c Издательство Феникс
d Дата издания 2025
215 Физическое описание __
a Объем 39 с.
c Иллюстрации/тип воспроизводства цв. ил.
d Формат 25 см
225 Серия 2_
a Серия Сказочное детство
333 Примечание о целевом назначении __
a Примечание о целевом назначении информационная продукция для детей, не достигших возраста шести лет
333 Примечание о целевом назначении __
a Примечание о целевом назначении для детей младшего возраста, 5-10 лет
686 Индексы других классификаций __
2 Код системы rubbk
a Классификационный индекс 84(2Рос=411.2)6
686 Индексы других классификаций __
2 Код системы rugasnti
a Классификационный индекс 17.82.93
700 Автор _1
a Фамилия Венедиктова
b Имя Ю.
g Полное личное имя Юлия
4 Код отношения 070
702 Вторичная интеллектуальная ответственность _1
a Фамилия Бывайлова
b Имя К.
g Полное личное имя Карина
4 Код отношения 440
801 Источник записи _0
b Организация ГПНТБ России
a Страна RU
c Дата составления 20260608
801 Источник записи _1
b Организация ГПНТБ России
a Страна RU
c Дата составления 20260608
852 Данные о местонахождении 5_
a Наименование организации ГПНТБ России
m Суффикс шифра хранения 106085
b Сигла хранения ЦГБ
j Шифр хранения 84(2Рос=411.2)6
p Инвентарный номер RU
899 Данные о местонахождении __
a Местонахождение ГПНТБ России
p Штрих-код 106085
b Место хранения ЦГБ
h Классификационная часть РШ 84(2Рос=411.2)6
i Авторский знак В 29
901 Тип документа __
a Ответственный заим.